000 00979nam a22002297a 4500
005 20240530110624.0
008 170102s2014 ua ao f b 000 0 ara d
017 _a2014/13869
_bمصر. دار الكتب
020 _a9789773223342
040 _aEG-CaGPL
_cEG-CaGPL
082 0 4 _221
_a953.08
_bق/ن ح
100 0 _aنجوان احمد سعيد .
245 1 2 _aالحسبة فى مصر عصر سلاطين المماليك :
_bدراسة فى التاريخ الاقتصادى و الاجتماعى 648 - 923 هـ : 1250 - 1517 م /
_cنجوان احمد سعيد .
250 _aط.1
260 _bعين للدراسات و البحوث الانسانية و الاجتماعية ،
_c2014 .
_aالقاهرة :
300 _a431 ص :
_bصور ؛
_c24 سم .
504 _aببليوجرافية : ص 377 - 413
650 _2qrmak
651 0 7 _2qrmak
_aمصر
_xتاريخ
_yعصر المماليك
942 _2ddc
_cBK
999 _c63119
_d63119